000 01195nam0a22003011 4500
001 v19\rc\2070873
005 20250620040251.0
035 _a(NLR Aleph) 005162956
090 _a5002519
_c5002519
100 _a20081218d1914 |||y0rusy50 ca
101 0 _arus
102 _aRU
105 _aa z |||||
135 _acrcn 024anaba
200 1 _aМотоциклы "Индиан". Модель 1914 г
_eОбращение и уход
_fЗавод компаний "Хенди", Спрингфильд, Мас. Соединен. штаты Сев. Америки
210 _aМосква
_cА.Ф. Круминг
_d1914
215 _a43, V с., 9 л. ил.
325 _aКопия доступна в Электрон. б-ке РНБ
532 1 3 _aМотоциклы Индиан. Модель 1914 г
801 0 _aRU
_bNLR
_gpsbo
801 1 _aRU
_bProSoft-M
_2rusmarc
852 _aNLR
_j37.54.4.503
942 _cBOOK
980 _aNB
981 2 2 _a(22) Материалы по истории России
_b(22) История промышленности и торговли